Cinco maestros del siglo Veinte /
Gespeichert in:
| 1. Verfasser: | |
|---|---|
| Weitere Verfasser: | , , , , |
| Format: | Text |
| Veröffentlicht: |
Heredia:
P.UNA
|
| Schlagworte: | |
| Tags: |
Tag hinzufügen
Keine Tags, Fügen Sie den ersten Tag hinzu!
|
MARC
| LEADER | 00000 a a2200000 04500 | ||
|---|---|---|---|
| 001 | 31369 | ||
| 003 | |||
| 040 | |||
| 020 | |a 9968-26-020-7 | ||
| 022 | |a 9968-26-020-7 | ||
| 090 | |a 198200 | ||
| 100 | |a Cordero, Gerardo | ||
| 245 | |a Cinco maestros del siglo Veinte / |c Gerardo Cordero | ||
| 260 | |a Heredia: |b P.UNA | ||
| 300 | |a 135 p. | ||
| 650 | |a INTELECTUALES | ||
| 650 | |a FILOSOFIA | ||
| 650 | |a CIENCIA | ||
| 650 | |a FILOSOFIA DE LA EDUCACION | ||
| 650 | |a RESEÑAS BIBLIOGRAFICAS | ||
| 700 | |a López, Luis Diego | ||
| 700 | |a Serrano Caldera, Alejandro | ||
| 700 | |a Rojas Osorio, Carlos | ||
| 700 | |a Mora Rodríguez, Arnoldo | ||
| 700 | |a Morales Morales, Carlos | ||
| 700 | |a | ||
| 999 | |c 9066 |d 9066 | ||



